000 00729nam a2200241Ia 4500
003 OSt
005 20220927105030.0
006 a|||||r|||| 00| 0
007 ta
008 220926b |||||||| |||| 00| 0 eng d
024 _a187510
037 _cReference Collections
040 _aRTL
_cRTL
_beng
041 _2eng
_aeng
082 _a"X9(J781).2.N36r, G6/GD"
110 _a"MILLOWNERS ASSOCIATION,AHMEDABAD"
_9369704
245 0 _aAnnual report 1936
260 _aAhmedabad
_bMillowners Association
_c1936
300 _a255p
_ccm.
700 _a"MILLOWNERS ASSOCIATION,AHMEDABAD"
_9369705
942 _h"X9(J781).2.N36r, G6/GD"
_cCC
999 _c690365
_d690365